000 00534nam a22001817a 4500
005 20141128153903.0
010 _aENG-111257
020 _a9788125055815
_c75.00
035 _aEN-94789
037 _bDBAD/PUB
082 _a880.8
245 _aMasters of English prose :
_cedited by L. M. Joshi
_bfrom Bacon to Beerbohm
260 _aNew Delhi
_bOrient Blackswan
_c2014
270 _a1/24, Asaf Ali Road
_bNew Delhi
_e110002
300 _a115p.
_c23cm(pbk)
700 _aJoshi, L. M.
942 _2ddc
_cEN
_mMAS
_h880.8
999 _c90102
_d90102